Normal view
MARC view
Entry Personal Name
001 - CONTROL NUMBER
- control field: 75848
003 - CONTROL NUMBER IDENTIFIER
- control field: dpl
005 - DATE AND TIME OF LATEST TRANSACTION
- control field: 20250103165039.0
008 - FIXED-LENGTH DATA ELEMENTS
- fixed length control field: 250103|| aca||aabn | a|a d
040 ## - CATALOGING SOURCE
- Original cataloging agency: dpl
- Transcribing agency: dpl
100 ## - HEADING--PERSONAL NAME
- Personal name: Marc, McCutcheon
670 ## - SOURCE DATA FOUND
- Source citation: Work cat.: (dpl)208041: Marc, McCutcheon , Viva Student's Thesaurus/, 2010
